• 首页
  • 本馆介绍
  • 公告通知
  • 最新文献
  • 馆藏检索
  • 电子资源
  • 读者导购
  • 参考咨询
  • 我的图书馆
  • 登录
  • 详细信息显示
  • 放入我的书架
  • 预约/预借图书
  • 作者相关作品
  • 分类相关作品
  • 丛书相关作品
  • 出版社相关作品

书目信息

  • 表格格式
  • 工作单格式
  • 卡片格式
题名:
全球最励志英文演讲精选50篇
    
 
作者: 崔喜哲 , 陈瑞璞 主编
分册:  
出版信息: 北京   中国水利水电出版社  2014.02
页数: 322页
开本: 24cm
丛书名:
单 册:
中图分类: H311.9 , H31
科图分类:
主题词: 英语--演讲--自学参考资料 , 英语 , 演讲
电子资源:
ISBN: 978-7-5170-1598-7
000 01136nam0 2200301 450
001 5482
005 20181016093611.64
010    @a978-7-5170-1598-7@dCNY45.00
090    @aH311@bcxz
100    @a20140429d2014 em y0chiy50 ea
101 0  @achi@aeng
102    @aCN@b110000
105    @aa z 000yy
200 1  @a全球最励志英文演讲精选50篇@9quan qiu zui li zhi ying wen yan jiang jing xuan 50 pian@e听演讲学英文@f崔喜哲,陈瑞璞主编
210    @a北京@c中国水利水电出版社@d2014.02
215    @a322页@c图,照片@d24cm@e1光盘
307    @a附光盘:ISBN 978-7-88714-474-4
330    @a本书主要包括乔布斯在斯坦福大学的演讲,我跟随良知的指引——布什告别演讲,未来之路:在中国共同创新——比尔·盖茨在清华大学的演讲,梦想与责任——美国总统巴拉克·奥巴马校园演讲,无畏的希望——美国总统奥巴马演讲等内容。
517 1  @a听演讲学英文@9ting yan jiang xue ying wen
606 0  @a英语@x演讲@j自学参考资料
606 0  @a英语
606 0  @a演讲
690    @aH311.9@v5
690    @aH31@v4
701  0 @a崔喜哲@9cui xi zhe@4主编
701  0 @a陈瑞璞@9chen rui pu@c(英语)@4主编
801  0 @aCN@bNLC@c20140429
905    @aMuseLib@dH31@e1704
    
    全球最励志英文演讲精选50篇:听演讲学英文/崔喜哲,陈瑞璞主编.-北京:中国水利水电出版社,2014.02
    322页:图,照片;24cm+1光盘
    
    
    ISBN 978-7-5170-1598-7:CNY45.00
    本书主要包括乔布斯在斯坦福大学的演讲,我跟随良知的指引——布什告别演讲,未来之路:在中国共同创新——比尔·盖茨在清华大学的演讲,梦想与责任——美国总统巴拉克·奥巴马校园演讲,无畏的希望——美国总统奥巴马演讲等内容。
●
相关链接 在E读中查询图书 在五车中查询图书 在当当中查询图书 在豆瓣中查询图书


正题名:全球最励志英文演讲精选50篇     索取号:H31/1704         预约/预借

序号 登录号 条形码 馆藏地/架位号 状态 备注
1 1129925   211299254   第二样本阅览室/ [索取号:H31/1704] 在馆    
2 1129926   211299263   密集书库—外国语学院/ [索取号:H31/1704] 在馆    
3 1129927   211299272   第四借阅区/ [索取号:H31/1704] 在馆    
4 1129928   211299281   第四借阅区/ [索取号:H31/1704] 在馆    
5 1129929   211299290   第四借阅区/ [索取号:H31/1704] 在馆    
唐山师范学院图书馆 欢迎您!
大连网信软件有限公司© 版权所有